|
|
|
|
| LEADER |
01709nam a2200313 a 4500 |
| 001 |
3923280 |
| 008 |
091103s1993 cau b 001 0 eng d |
| 010 |
|
|
|a 92022670
|
| 020 |
|
|
|a 1558152083
|
| 040 |
|
|
|a DLC
|c DLC
|d DLC
|
| 082 |
0 |
0 |
|a 338.983
|2 20
|
| 100 |
1 |
|
|a Hachette, Dominique.
|
| 240 |
1 |
0 |
|a Privatización en Chile.
|l English
|
| 245 |
1 |
0 |
|a Privatization in Chile :
|b an economic appraisal /
|c by Dominique Hachette and Rolf Lüders.
|
| 260 |
|
|
|a San Francisco, Calif. :
|b ICS Press,
|c 1993.
|
| 300 |
|
|
|a xiv, 284 p. ;
|c 23 cm.
|
| 500 |
|
|
|a "An International Center for Economic Growth publication."
|
| 504 |
|
|
|a Includes bibliographical references (p. 271-273) and index.
|
| 541 |
1 |
|
|e 00007219
|
| 650 |
|
0 |
|a Privatization
|z Chile.
|
| 650 |
|
0 |
|a Government business enterprises
|z Chile.
|
| 700 |
2 |
|
|a Lüders Schwarzenberg, Rolf.
|
| 852 |
4 |
|
|a Ayesha Abed Library
|j General Shelf
|
| 999 |
|
|
|c 5631
|d 5631
|
| 952 |
|
|
|0 0
|1 0
|2 ddc
|4 0
|6 338_983000000000000_HAC_1993
|7 0
|9 5533
|a BRACUL
|b BRACUL
|c GEN
|d 2009-11-19
|g 0.00
|l 0
|o 338.983 HAC
|p 3010007219
|r 2009-11-19
|t 1
|w 2009-11-19
|y BK
|x No price found in the accession register.
|
| 952 |
|
|
|0 0
|1 0
|2 ddc
|4 0
|6 338_983000000000000_HAC
|7 0
|9 43017
|a SCL
|b SCL
|c GEN
|d 1998-11-04
|l 0
|o 338.983 HAC
|p 3020000219
|r 2014-07-08
|t 2
|w 2014-07-08
|y BK
|
| 952 |
|
|
|0 0
|1 0
|2 ddc
|4 0
|6 338_983000000000000_HAC
|7 0
|9 43045
|a SCL
|b SCL
|c GEN
|d 1999-01-25
|l 0
|o 338.983 HAC
|p 3020001381
|r 2014-07-09
|t 3
|w 2014-07-09
|y BK
|
| 952 |
|
|
|0 0
|1 0
|2 ddc
|4 0
|6 338_983000000000000_HAC
|7 0
|9 43046
|a SCL
|b SCL
|c GEN
|d 1999-01-25
|l 0
|o 338.983 HAC
|p 3020001478
|r 2014-07-09
|t 4
|w 2014-07-09
|y BK
|
| 952 |
|
|
|0 0
|1 0
|2 ddc
|4 0
|6 338_983000000000000_HAC
|7 0
|9 43061
|a SCL
|b SCL
|c GEN
|d 1999-01-25
|l 0
|o 338.983 HAC
|p 3020001352
|r 2014-07-09
|t 5
|w 2014-07-09
|y BK
|